| 000 | 00824nam a22002177a 4500 | ||
|---|---|---|---|
| 003 | 0 | ||
| 005 | 20250204154455.0 | ||
| 008 | 250204b xxu||||| |||| 00| 0 eng d | ||
| 050 |
_aPZ 7.5 _b.G85 2024 |
||
| 100 | _aGuinto, Kathrin Mae | ||
| 245 |
_aA story on filipino values presented to grade 1-2 students of divine light academy _cKathrin Mae Guinto |
||
| 260 |
_aLas Pinas City _bSouthville International School and Colleges _cc2024 |
||
| 300 |
_avii, 100 pages ; _c28cm. |
||
| 500 | _aBachelor of Arts in Communication. | ||
| 504 | _aIncludes bibliographical references and appendices. | ||
| 650 | _aFilipino values—Juvenile literature. | ||
| 650 | _aMoral education—Philippines. | ||
| 650 | _aChildren's stories—Philippine culture. | ||
| 650 | _aElementary education—Philippines. | ||
| 942 |
_2lcc _cTH |
||
| 999 |
_c367122 _d367122 |
||